| 000 | 01833nam a22003137a 4500 | ||
|---|---|---|---|
| 001 | 8699 | ||
| 003 | FISKH | ||
| 005 | 20251010164447.0 | ||
| 008 | 251010b cb ||||| |||| 00| 0 eng d | ||
| 020 | _a9789995088866 | ||
| 040 |
_aFISKH _bkhr _cFISKH _dFISKH |
||
| 050 | _aPZ7 | ||
| 082 | _a895.93 | ||
| 100 | _aSotheary, Kimsun | ||
| 245 |
_aពស់កេងកង : _bThe Keng Kang snake / _cអ្នកស្រី គឹមស៊ុន សុធារី |
||
| 260 |
_aPhnom Penh : _bReading Books , _c2008. |
||
| 300 |
_a24 pages : _bcolor illustrations ; _c25 cm . |
||
| 490 | _aពិភពរឿងនិទាន | ||
| 505 | _aO | ||
| 520 | _aនៅសម័យមុន មានពួកពស់មួយប្រភេទតែប៉ុណ្ណោះ ឈ្មោះពស់កេងកង។ នាងញីបានមានទំនាក់ទំនងស្នេហាជាមួយពស់កេងកង ហើយបានមានផ្ទៃពោះ។ ពេលប្ដីរបស់នាងដឹងកើតការកើតឡើងនោះ គាត់បានសម្លាប់ពស់កេងកង នាងញី និងកូនពស់ទាំងអស់។ ទោះយ៉ាងណា កូនពស់មានច្រើនខ្លាំង... | ||
| 520 | _aLong ago, there was only one kind of snake called Keng Kang snake. Neang Ny had an affair with Keng Kang snake and got pregnant; when her husband found out, he killed Keng Kang snake, Neang Ny and baby snakes. However, there were so many little snakes.. | ||
| 521 | 8 |
_a600
_bLexile estimate |
|
| 521 | 8 |
_aO
_bRaz-Plus |
|
| 650 | _aពស់កេងកង | ||
| 650 | _aThe Keng Kang snake | ||
| 700 |
_aSan, Thai _eIllustrator |
||
| 942 |
_2ddc _cKHB _n0 |
||
| 999 |
_c8699 _d8699 |
||